Statistiques concernant Lieu le plus visité par ville (USA)

Cliquez ici pour prendre le quiz!

Statistiques générales

  • Ce quiz a été pris 77 fois
  • Le résultat moyen est 2 sur 9

Statistiques - réponses

VilleLieu / monumentNombre de visiteurs% Correct
San FranciscoGolden Gate Bridge15 000 000
69%
New YorkTimes Square41 900 000
46%
OrlandoWalt Disney World17 100 000
36%
AnaheimDisneyland Resort16 100 000
18%
Las VegasLas Vegas Strip29 500 000
15%
San DiegoBalboa Park13 000 000
0%
BostonFaneuil Hall Marketplace15 000 000
0%
SeattlePike Place Market10 000 000
0%
WashingtonUnion Station36 500 000
0%

Distribution des résultats

Percentile par nombre de réponses

% des personnes avec chaque résultat

Votre développement - résultats

Vous n’avez pas pris ce quiz